Intellectual property and business : (Record no. 88276)

MARC details
000 -LEADER
fixed length control field 00748nam a22002177a 4500
005 - DATE AND TIME OF LATEST TRANSACTION
control field 20140904113334.0
010 ## - LCCN (DPL NO)
LC control number ENG-110724
020 ## - INTERNATIONAL STANDARD BOOK NUMBER
International Standard Book Number 9788132117919
Terms of availability 595.00
035 ## - SYSTEM CONTROL NUMBER
System control number EN-94256
037 ## - SOURCE OF ACQUISITION
Source of stock number/acquisition DBAD/PUB
082 ## - DEWEY DECIMAL CLASSIFICATION NUMBER
Classification number 346.73048
100 ## - MAIN ENTRY--PERSONAL NAME
Personal name Ryder, Rodney D.
245 ## - TITLE STATEMENT
Title Intellectual property and business :
Statement of responsibility, etc by Rodney D. Ryder [and] Ashwin Madhavan
Remainder of title the power of intangible assets /
260 ## - PUBLICATION, DISTRIBUTION, ETC. (IMPRINT)
Place of publication, distribution, etc New Delhi
Name of publisher, distributor, etc Sage Publications
Date of publication, distribution, etc 2014
270 ## - ADDRESS
Address B1/ I-1 Mohan Cooperative Industrial Area,Mathura Road
City New Delhi
Postal code 110044
300 ## - PHYSICAL DESCRIPTION
Extent xii,304p.
Dimensions 22cm(pbk)
500 ## - GENERAL NOTE
General note Includes index
650 ## - SUBJECT ADDED ENTRY--TOPICAL TERM
Topical term or geographic name as entry element Intellectual property
Geographic subdivision United States.
700 ## - ADDED ENTRY--PERSONAL NAME
Personal name Madhavan, Ashwin.
942 ## - ADDED ENTRY ELEMENTS (KOHA)
Source of classification or shelving scheme Dewey Decimal Classification
Item type English Books
Classification part 346.73048
Call number suffix RYD
Holdings
Withdrawn status Lost status Not for loan Collection code Home library Current library Date acquired Source of acquisition Cost, normal purchase price Full call number Barcode Copy number Cost, replacement price Koha item type
    Not For Loan Non-fiction D.B.Act.Division D.B.Act.Division 03/09/2014 DBAD/PUB 595.00 346.73048 RYD EN-94256 1 595.00 English Books

© Delhi Public Library
Hit Counter
free hit counter